| 000 | 01179cam a2200373ui 4500 | ||
|---|---|---|---|
| 999 |
_c200431542 _d49754 |
||
| 001 | 200431542 | ||
| 003 | TR-AnTOB | ||
| 005 | 20241107105105.0 | ||
| 007 | ta | ||
| 008 | 740308s1944 nyu 001 0 eng | ||
| 010 | _a 44002181 | ||
| 035 | _a(OCoLC)825342 | ||
| 040 |
_aDLC _beng _erda _cOClU _dOCoLC _dTR-AnTOB |
||
| 041 | _aeng | ||
| 050 | 0 | 4 |
_aT56 _b.K665 1945 |
| 090 |
_aTOBBK T56 _b.K665 1945 |
||
| 099 | _a658.5 KNO 1945 | ||
| 100 | 1 |
_aKnowles, Asa S. _q(Asa Smallidge), _d1909- _9122755 |
|
| 245 | 1 | 0 |
_aIndustrial management / _cby Asa S. Knowles & Robert D. Thomson. |
| 264 | 1 |
_aNew York : _bMacmillan, _c1945. |
|
| 264 | 4 | _c©1944 | |
| 300 |
_axiv, 791 pages : _billustrations ; _c22 cm |
||
| 336 |
_atext _btxt _2rdacontent |
||
| 337 |
_aunmediated _bn _2rdamedia |
||
| 338 |
_avolume _bnc _2rdacarrier |
||
| 500 | _aPart of the illustrative material is folded. | ||
| 650 | 0 |
_aFactories _xAccounting _9130447 |
|
| 650 | 0 |
_aPersonnel management _9432 |
|
| 650 | 0 |
_aFactory management _93899 |
|
| 700 | 1 |
_aThomson, Robert D. _q(Robert Douglas), _d1884- _9122756 |
|
| 942 |
_2z _cBK |
||